01267nam a22002297a 4500003000600000005001700006008004100023020001900064020001500083040000800098082001300106100002000119245007700139260005800216300002700274440001800301505044600319505020200765650001400967650002100981650003501002GBCCL20241126110657.0210922b ||||| |||| 00| 0 eng d a9781433688874  a1433688875 cGBC a262bCHU aJamison, Bobby  aUnderstanding baptism /cBobby Jamison ; series editor, Jonathan Leeman. aNashville, Tennessee : bB & H Books, c[2016] ©2016 avi, 74 pages ; c18 cm aChurch basics aWhat's the big deal about baptism? Jesus commands his disciples to be baptized, and it's a glorious picture of a person's union with Jesus' death, burial, and resurrection. Still, many Christians feel unclear about the topic, having more questions than answers. This short work provides a biblical explanation of baptism. What is it? Who should be baptized? Why is it required for church membership? And how should churches practice baptism? aWhat is baptism? -- Who should be baptized? -- What about infant baptism? -- Why is baptism required for church membership? -- When is "baptism" not baptism -- How should churches practice baptism? aBaptism.  aInfant baptism.  aBaptism and church membership.